Famous Threesomes by First Names Quiz Stats

 Plays Quiz Updated Jul 25, 2018

Score 0/24 Timer 05:00
4 Plays Today
% Correct
BEYONCÉ Knowles,
KELLY Rowland &
MICHELLE Williams
97.1%
ALVIN, SIMON &
THEODORE Seville
96.1%
MARK Antony,
CLEOPATRA VII &
JULIUS Caesar
95.9%
SNAP, CRACKLE & POP
94.3%
HUEY, DEWEY & LOUIE
94.3%
BELLA Swan,
EDWARD Cullen &
JACOB Black
92.5%
RANDY Jackson, PAULA
Abdul & SIMON Cowell
91.1%
CHARLOTTE, EMILY
& ANNE Brontë
90.3%
LARRY Fine, MOE Howard
& CURLY Howard
89.6%
FERRIS Bueller, CAMERON
Frye & SLOANE Peterson
88.9%
SABRINA Duncan, JILL
Munroe & KELLY Garrett
88.7%
JANET Wood, CHRISSY
Snow & JACK Tripper
88.1%
% Correct
PLÁCIDO Domingo,
JOSÈ Carreras &
LUCIANO Pavarotti
87.8%
JOSEPH Stalin,
FRANKLIN D. Roosevelt &
WINSTON Churchill
86.1%
DRACO Malfoy,
VINCENT Crabbe &
GREGORY Goyle
86.1%
BARRY, ROBIN & MAURICE
Gibb
82.9%
KURT Cobain,
KRIST Novoselic &
DAVE Grohl
82.3%
TINA, GENE & LOUISE
Belcher
78.3%
TROY Aikman, MICHAEL
Irvin & EMMITT Smith
77.1%
GORDON 'Sting' Sumner,
ANDY Summers &
STEWART Copeland
72.9%
ALEX Lifeson, GEDDY Lee
& NEIL Peart
69.8%
LUCKY Day,
DUSTY Bottoms &
NED Nederlander
66.8%
JEFFREY Lebowski,
WALTER Sobchak &
THEODORE 'Donny'
Kerabatsos
64.1%
JOSEPH Simmons,
DARRYL McDaniels &
JASON Mizell
57.9%

You're not logged in!

Compare scores with friends on all Sporcle quizzes.
OR
Log In

Sporcle TV

Today on Sporcle TV


Watch our educational content, quiz creation guides, and fun videos on Sporcle TV.

Show Comments

Extras

Top Quizzes Today


Score Distribution

Your Account Isn't Verified!

In order to create a playlist on Sporcle, you need to verify the email address you used during registration. Go to your Sporcle Settings to finish the process.

Report this User

Report this user for behavior that violates our Community Guidelines.

Details: